=LDR 00000nam 2200000 4500 =001 INLIS000000000037506 =005 20130612143233 =008 ***********************************Ind** =035 ##$$0010-061300000037506 =041 ##$$a Ind =082 ##$$a 028.5 =090 ##$$a 028.5, Set a =100 ##$$a Setyawan, Roen =245 ##$$a Animal survival, Kelinci gunung, Roen Setyawan =260 ##$$a 2009 $b Jakarta =300 ##$$a 32 hlm, Ilus, 24 cm =650 ##$$a Bacaan kanak - kanak =850 ##$$a NBPNMAT